Организация и некоторые итоги НИРС в проблемной лаборатории; Организация и эффективность научной работы студентов высших учебных заведений

Bibliografiske detaljer
Parent link:Организация и эффективность научной работы студентов высших учебных заведений.— 1967.— С. 287-289
Hovedforfatter: Фортес Ю. Б.
Sprog:russisk
Udgivet: 1967
Fag:
Format: MixedMaterials Book Chapter
KOHA link:https://koha.lib.tpu.ru/cgi-bin/koha/opac-detail.pl?biblionumber=185879

MARC

LEADER 00000n a2a2200000 4500
001 185879
005 20231031173139.0
035 |a (RuTPU)RU\TPU\book\201695 
035 |a RU\TPU\tpu\7450 
090 |a 185879 
100 |a 20101018d1967 k y0rusy50 ca 
101 0 |a rus 
102 |a RU 
200 1 |a Организация и некоторые итоги НИРС в проблемной лаборатории  |f Ю. Б. Фортес 
463 0 |0 (RuTPU)RU\TPU\book\141051  |t Организация и эффективность научной работы студентов высших учебных заведений  |o материалы к Первой межвузовской научно-методической конференции, г. Томск, 1967 г.  |f Томский политехнический институт (ТПИ); под ред. А. А. Воробьева  |v С. 287-289  |d 1967  |p 380 с. 
610 1 |a просвещение 
610 1 |a труды учёных ТПУ 
610 1 |a культура 
610 1 |a наука 
700 1 |a Фортес  |b Ю. Б. 
801 0 |a RU  |b 63413507  |c 20011210  |g PSBO 
801 2 |a RU  |b 63413507  |c 20101018  |g PSBO 
942 |c BK